A textbook of material science and engineering

Bibliographic Details
Main Author: Rajput, Er. R. K
Format: Book
Published: New Delhi : S.K. Kataria & Sons , 2014
Subjects:

MARC

LEADER 00000cam a2200000 7i4500
001 0000044197
005 20141217.0
008 141217
020 |a 8185749922 
090 0 0 |a 620.11   |b RAJ 
100 1 |a Rajput, Er. R. K 
245 1 2 |a A textbook of material science and engineering   |c Er. R. K. Rajput 
260 |a New Delhi :   |b S.K. Kataria & Sons ,   |c 2014 
650 0 |a Materials science   |x Textbooks 
650 0 |a Materials   |x Textbooks 
999 |a 0001324154   |b Book   |c Adult Collection   |e Perbadanan Perpustakaan Awam Johor